Sports Quiz

Random Sports or Basketball Quiz

NBA Opening Day Alma Maters (2011) Quiz Stats

 Plays Quiz not verified by Sporcle

Challenge
Share
Tweet
Embed
Score 0/122 Timer 20:00
0 Plays Today
# College % Correct
16Duke
96.6%
12North Carolina
96.6%
15UCLA
96.2%
10Florida
94.3%
15Kentucky
93.5%
13Texas
93.5%
12Kansas
92.4%
4Washington
92.4%
3Michigan
92.4%
4Georgia
91.6%
11Connecticut
90.1%
10Arizona
89.7%
5Florida State
89.3%
5Syracuse
89.3%
3Michigan State
89.3%
7Georgia Tech
88.9%
6LSU
88.9%
3Indiana
88.9%
2California
88.9%
6USC
88.2%
1Oregon
88.2%
6Ohio State
87.8%
2Arizona State
87%
2Oklahoma
87%
3Alabama
86.6%
2Miami (FL)
86.3%
1Virginia
86.3%
2Illinois
85.9%
2Kansas State
85.9%
3Arkansas
85.1%
4Oklahoma State
84.7%
1Washington State
84%
7Wake Forest
83.2%
3Wisconsin
83.2%
2NC State
83.2%
2Tennessee
83.2%
2Texas A&M
83.2%
1Texas Tech
83.2%
2Utah
81.7%
1Minnesota
81.7%
5Stanford
80.9%
# College % Correct
4Maryland
80.9%
1Iowa
80.5%
4Memphis
80.2%
4Louisville
79.8%
3UNLV
79.4%
2Colorado
79%
4Boston College
78.2%
3Missouri
78.2%
3Georgetown
77.9%
2New Mexico
77.5%
1South Carolina
77.1%
5Marquette
76.7%
2Iowa State
76%
1Clemson
75.6%
3Pittsburgh
75.2%
1West Virginia
74.8%
1St. John's
74.4%
1Auburn
72.5%
5Purdue
72.1%
3Notre Dame
72.1%
1Brigham Young
71.8%
2Cincinnati
70.6%
3Villanova
69.1%
3Gonzaga
68.3%
4Nevada
67.6%
1Harvard
67.6%
2Baylor
67.2%
1San Diego State
66%
1Rutgers
65.6%
1Temple
64.1%
3Xavier
63.4%
2Butler
63%
2Massachusetts
62.6%
2St. Joseph's
62.2%
1Hawaii
59.9%
1Rhode Island
59.5%
1Colorado State
58.8%
1South Florida
58.8%
2Providence
58%
1Wyoming
56.1%
1Davidson
54.6%
# College % Correct
1TCU
53.8%
2UTEP
53.4%
1DePaul
53.4%
1Central Michigan
48.9%
2Western Kentucky
48.5%
2VCU
47.7%
1Tulsa
47.7%
2Fresno State
46.6%
2Creighton
46.2%
1Santa Clara
43.5%
1Louisiana Tech
40.5%
1Marshall
40.1%
1St. Louis
38.9%
1UAB
37.8%
1Detroit
35.5%
1Cleveland State
35.1%
1Florida International
34.4%
1Dayton
33.2%
1Richmond
32.8%
1IUPUI
30.9%
1Eastern Washington
28.6%
1Arkansas-Little Rock
27.5%
1Northeastern
27.5%
1Bradley
24.4%
1Morehead State
24.4%
1College of Charleston
22.9%
1La Salle
22.5%
1Pepperdine
21.8%
1Rider
21.4%
1Texas State
21.4%
1Western Carolina
20.2%
1Hofstra
17.9%
1Jackson State
17.2%
1VMI
17.2%
1Virginia Union
16.8%
1Towson
13%
1Alabama A&M
12.6%
1Utah Valley
9.5%
1Augusta State
3.8%
1Cal State San Bernardino
1.9%

You're not logged in!

Compare scores with friends on all Sporcle quizzes.
Join for Free
OR
Log In

You Might Also Like...

Show Comments

Extras

Top Quizzes Today


Score Distribution

Your Account Isn't Verified!

In order to create a playlist on Sporcle, you need to verify the email address you used during registration. Go to your Sporcle Settings to finish the process.

Report this User

Report this user for behavior that violates our Community Guidelines.

Details: